000 00549nam a22001817a 4500
005 20130902121523.0
010 _aENG-108455
020 _c200.00
_a9788180388842
035 _aEN-91988
037 _bDBAD/PUB
100 _aMittal, J.K.
245 _aHand book of service tax law:
_cby J.K.Mittal
_bas amended by the finance act, 2013 /
250 _a2nd ed
260 _aGurgoan
_bLexis Nexis
_c2013
270 _a14th floor, Building No 10, Tower-B DLF Cyper City, Phase-II
_bGurgoan
_e122002
300 _a217p.
_c20cm(Hb)
942 _2ddc
_cEN
_mMIT
999 _c78992
_d78992